[Event "OMA-chT"]
[Site "Muscat"]
[Date "2019.07.11"]
[Round "3.4"]
[White "Al Houti, Houd"]
[Black "Bait Said, Musallam Mahad"]
[Result "0-1"]
[WhiteElo "1665"]
[BlackElo "1687"]
[PlyCount "94"]
[EventDate "2019.07.09"]
[EventType "team-swiss"]
[EventRounds "9"]
[EventCountry "OMN"]
[SourceTitle "EXT 2020"]
[Source "ChessBase"]
[SourceDate "2019.10.17"]
[SourceVersion "1"]
[SourceVersionDate "2019.10.17"]
[SourceQuality "1"]
[WhiteTeam "Majees"]
[BlackTeam "Salalah White"]
[WhiteTeamCountry "OMN"]
[BlackTeamCountry "OMN"]

1. d4 d5 2. c4 g6 3. g3 Bg7 4. Bg2 Nf6 5. Nf3 0-0 6. Qc2 Bf5 7. Qb3 Nc6 8. Bd2 Rb8 9. e3 Be4 10. 0-0 e6 11. Na3 a6 12. Rac1 h5 13. h4 Qd7 14. Rfd1 Qd8 15. Ng5 Bxg2 16. Kxg2 Ne7 17. Bb4 Re8 18. Bxe7 Qxe7 19. Nb1 c6 20. Nc3 Ng4 21. Rd2 Bh6 22. Nf3 dxc4 23. Qa4 Qc7 24. Nd1 b5 25. Qc2 Qd6 26. b3 cxb3 27. Qxc6 Qa3 28. Rc3 Rec8 29. Rxb3 Qxb3 30. Qxc8+ Rxc8 31. axb3 Nf6 32. Rd3 Ne4 33. Nd2 Nxd2 34. Rxd2 Bf8 35. Rd3 Bb4 36. e4 a5 37. d5 a4 38. bxa4 bxa4 39. Rd4 Rb8 40. Ne3 a3 41. Nc2 a2 42. dxe6 fxe6 43. Rc4 Be7 44. Ra4 Rb2 45. Ne3 Bc5 46. Kf3 Bd4 47. Ra3 Rd2 0-1

[Event "OMA-chT"]
[Site "Muscat"]
[Date "2019.07.10"]
[Round "2.4"]
[White "Bait Said, Musallam Mahad"]
[Black "Al Farsi, Mohammed Ali1111"]
[Result "0-1"]
[WhiteElo "1687"]
[BlackElo "1570"]
[PlyCount "42"]
[EventDate "2019.07.09"]
[EventType "team-swiss"]
[EventRounds "9"]
[EventCountry "OMN"]
[SourceTitle "EXT 2020"]
[Source "ChessBase"]
[SourceDate "2019.10.17"]
[SourceVersion "1"]
[SourceVersionDate "2019.10.17"]
[SourceQuality "1"]
[WhiteTeam "Salalah White"]
[BlackTeam "Ibri"]
[WhiteTeamCountry "OMN"]
[BlackTeamCountry "OMN"]

1. e4 e6 2. d4 d5 3. e5 c5 4. c3 Nc6 5. Nf3 Qb6 6. Na3 Bd7 7. Be2 cxd4 8. cxd4 Bb4+ 9. Kf1 Nge7 10. Nc2 Nf5 11. g4 Nh6 12. Nxb4 Nxb4 13. a3 Nc6 14. Bxh6 gxh6 15. b4 Ne7 16. Rc1 Ng6 17. Qd2 Bb5 18. Bxb5+ Qxb5+ 19. Kg2 Kd7 20. Rc5 Qb6 21. Rhc1 h5 0-1